000 00316nam a2200133Ia 4500
008 240624s9999 xx 000 0 und d
041 _aeng
082 _a920 MAN
100 _aMANDELA NELSON
245 _aLONG WALK TO FREEDOM
260 _c1995
_aNew Delhi
_bHACHETTE INDIA
300 _a784 : p.
365 _cRS
_b25
999 _c22161
_d22161